Heḳef ha-tserakhim le-ṭipul ishi ule-ẹzra betit ṿe-aspaḳatam ʻal yede ha-mishpaḥah ṿe-gormim ba-ḳehilah : Bene-Beraḳ u-Veʼer Shevʻa /

Saved in:
நூற்பட்டியல் விவரங்கள்
தலைமை எழுத்தாளர்: Morginstin, Brenda.
வடிவம்: புத்தகம்
மொழி:Hebrew
வெளியீடப்பட்டது: [Jerusalem] : Mosad le-vituah leumi, [1984]
தொகுதி:Mifʻalim meyuḥadim ; mis. 19
பகுதிகள்:
குறியீடுகள்: குறிச்சொல் இணை
குறியீடுகள் இல்லை, இந்த குறிச்சொல்லை முதலில் பதிவு செய்யுங்கள்!
LEADER 00796cam a22002177a 4500
001 012684792-4
005 20110701123940.0
008 850507s1984 is bs f000 0 heb d
035 0 |a ocm41909465 
040 |a COO  |c COO  |d OCLCQ 
043 |a a-is--- 
050 4 |a RA645.37.I75  |b M67 1984 
100 1 |a Morginstin, Brenda. 
245 1 0 |a Heḳef ha-tserakhim le-ṭipul ishi ule-ẹzra betit ṿe-aspaḳatam ʻal yede ha-mishpaḥah ṿe-gormim ba-ḳehilah :  |b Bene-Beraḳ u-Veʼer Shevʻa /  |c meʼet Brendah Morgenshtain. 
260 |a [Jerusalem] :  |b Mosad le-vituah leumi,  |c [1984] 
300 |a 44 p. ;  |c 27 cm. 
490 1 |a Mifʻalim meyuḥadim ;  |v mis. 19 
504 |a Includes bibliographical references (p.44). 
650 0 |a Older people  |x Long-term care  |z Israel. 
988 |a 20110215 
906 |0 OCLC